| 000 | 00543nam a2200181 i 4500 | ||
|---|---|---|---|
| 001 | 107049 | ||
| 003 | ES-MaACL | ||
| 005 | 20230906184334.0 | ||
| 007 | t| | ||
| 008 | 061121s1959 sp r ||||1| spa d | ||
| 100 | 1 |
_aMoreu Curbera, José María. _983493 |
|
| 245 | 1 | 0 |
_aFormulario de navegación / _cC. de C. Moreu C., C. de C. Martínez J. |
| 260 |
_aVigo : _bNoroeste, _c1959. |
||
| 300 |
_a104 p. ; _c12 cm. |
||
| 650 | 4 |
_aNavegación. _9136583 |
|
| 700 | 1 |
_aMartínez Jiménez, Enrique. _978163 |
|
| 852 |
_aES-MaACL _jC-18857 _bR.44236 |
||
| 999 |
_c107049 _d107049 |
||